000 00975nam a2200193 a 4500
001 14814
005 20180713203339.0
008 140415s1982 mx 000 0 spa d
020 _a968260320
041 _aspa
082 _a591
_bMOR
245 0 0 _aINTRODUCCION A LA ZOOLOGIA
250 _a1a ed.
260 _aMEXICO :
_bCECSA,
_c1982
300 _a111
_cx 16 x 23
520 _aESTE LIBRO OFRECE POR UNA PARTE, UN PANORAMA GENERAL DE AQUELLOS HECHOS DE LA VIDA COTIDIANA QUE ESTÁN RELACIONADOS CON LA BIOLOGÍA A AQUELLOS ESTUDIANTES QUE QUIZÁ NO SIGAN UNA CARRERA UNIVERSITARIA O QUE, DE SEGUIRLA, ÉSTA NO CAYERA DENTRO DEL CAMPO DE LAS CIENCIAS BIOLÓGICAS Y, POR OTRA, EL DE DAR LOS CONCEPTOS BIOLÓGICOS BÁSICOS Y ALGUNA OPORTUNIDAD DE DESPERTAR EL INTERÉS EN CIERTAS ÁREAS PARA AQUELLOS QUE PRETENDAN PROSEGUIR ESTUDIOS SUPERIORES EN EL ÁMBITO DE LAS CIENCIAS DE LA
650 1 4 _aZOOLOGIA
700 1 _aMORÓN RIOS, MIGUEL ÁNGEL
_ecoaut.
999 _c14814
_d14814